Statistiques concernant Classement FIFA

Cliquez ici pour prendre le quiz!

Statistiques générales

  • Ce quiz a été pris 479 fois
  • Le résultat moyen est 23 sur 30

Statistiques - réponses

ClassementÉquipeNombre de Points% Correct
2èmeFrance1845pts
100%
1erArgentine1855pts
99%
5èmeBrésil1784pts
98%
8èmeEspagne1733pts
96%
13èmeMaroc1662pts
96%
3èmeAngleterre1800pts
95%
4èmeBelgique1798pts
95%
7èmePortugal1745pts
95%
16èmeAllemagne1631pts
94%
9èmeItalie1719pts
93%
6èmePays-Bas1745pts
87%
30èmeAlgérie1520pts
86%
17èmeJapon1620pts
84%
10èmeCroatie1718pts
83%
12èmeÉtats-Unis1665pts
81%
20èmeSénégal1594pts
80%
18èmeSuisse1613pts
80%
11èmeUruguay1666pts
77%
14èmeMexique1655pts
73%
26èmeSuède1530pts
69%
15èmeColombie1651pts
67%
19èmeDanemark1601pts
67%
25èmeAustralie1539pts
66%
23èmeCorée du Sud1551pts
66%
24èmeAutriche1546pts
56%
28èmeTunisie1523pts
55%
22èmeUkraine1553pts
53%
27èmeHongrie1525pts
44%
29èmePays de Galles1522pts
33%
21èmeIran1565pts
29%

Distribution des résultats

Percentile par nombre de réponses

% des personnes avec chaque résultat

Votre développement - résultats

Vous n’avez pas pris ce quiz